| 000 -LEADER | |
|---|---|
| fixed length control field | 00267nam a22001217a 4500 |
| 020 ## - INTERNATIONAL STANDARD BOOK NUMBER | |
| ISBN | 1553610105 |
| 050 ## - LIBRARY OF CONGRESS CALL NUMBER | |
| Classification number | BV4509 |
| 100 ## - MAIN ENTRY--AUTHOR NAME | |
| Personal name | WALKER, K. BRUCE |
| 245 ## - TITLE STATEMENT | |
| Title | FINDING THE WILL IF GOD |
| 260 ## - PUBLICATION, DISTRIBUTION, ETC. (IMPRINT) | |
| Place of publication | CAMBRIDGE, UK |
| Name of publisher | WALKER, BRUCE |
| Year of publication | 1998 |
| 300 ## - PHYSICAL DESCRIPTION | |
| Number of Pages | 187P |
| 942 ## - ADDED ENTRY ELEMENTS (KOHA) | |
| Koha item type | Books |
No copies available.

